Normal view
MARC view
- Schmidt, Troy,
Entry Nombre Personal
001 - NUMERO DE CONTROL
- campo de control: 37625
003 - IDENTIFICADOR DE NUMERO DE CONTROL
- campo de control: DLC
005 - FECHA Y HORA DE LA ÜLTIMA TRANSACCIÓN
- campo de control: 20221125130921.0
008 - DATOS DE LONGITUD FIJA
- campo de control de longitud fija: 221125n| azannaabn n aaa
010 ## - NÚMERO DE CONTROL DE LA BIBLIOTECA DEL CONGRESO
- Número de control LC: n 2003112822
040 ## - FUENTE DE CATALOGACIÓN
- Agencia original de catalogación: DLC
- Lenguaje de catalogación: spa
- Description conventions: rda
- Agencia de transcripción: DLC
- Agencia que lo modifica: DLC
- Agencia que lo modifica: MX-MxUPN
046 ## - FECHAS CON CODIFICACIÓN ESPECIAL
- Fecha de nacimiento: 1962
- Fuente del formato de fecha: edtf
100 1# - ENCABEZAMIENTO - NOMBRE PERSONAL
- Nombre personal: Schmidt, Troy,
- Fechas asociadas con el nombre: 1962-
670 ## - FUENTE EN LA QUE SE LOCALIZARON DATOS
- Cita de la fuente: Schmidt, Troy. Flo the lyin' fly, 2003:
- Información localizada: ECIP portada (Troy Schmidt)
670 ## - FUENTE EN LA QUE SE LOCALIZARON DATOS
- Cita de la fuente: U.S. copyright file, Nov. 28, 2006
- Información localizada: (Schmidt, Troy, 1962-)
902 ## - CATALOGADOR
- Catalogador: NDAF/251122
